| 000 | 00750nas a2200253 4500 | ||
|---|---|---|---|
| 001 | BR2010004387 | ||
| 003 | BR-BrBNA | ||
| 005 | 20231205114728.0 | ||
| 007 | ta | ||
| 008 | 230509b bl.|||p| |||| 00| 00por d | ||
| 040 |
_aBR-BrBNA _bpor _cBiblioteca Nacional de Agricultura |
||
| 041 | _a(Pt) | ||
| 072 | _aJ11 | ||
| 100 | 1 | _aBlum, J. | |
| 100 | 1 | _aAyub, R.A. | |
| 245 | 1 | _aControle do amadurecimento do kiwi cv. monty com 1-metilciclopropeno | |
| 650 | _aKIWI | ||
| 650 | _aCONSERVAÇÃO | ||
| 650 | _aPÓS-COLHEITA | ||
| 650 | _aARMAZENAMENTO | ||
| 773 | 0 |
_tRevista Brasileira de Fruticultura (Brazil) _xISSN 0100 2945 _g(Mar 2009), v. 31(1) p. 39-43 _wBR2010004387 |
|
| 909 |
_a202311 _bLúcia _c55 _dLúcia Elande |
||
| 942 |
_2AGRIS _n0 _cANA |
||
| 999 |
_c210192 _d210192 |
||